Statistics for 20 Countries with most startups

Click here to take the quiz!

General Stats

  • This quiz has been taken 63 times
  • The average score is 17 of 20

Answer Stats

HintAnswer% Correct
749United Kingdom
100%
4418United States
100%
420Canada
98%
243France
97%
341Germany
97%
225Mexico
97%
516Brazil
95%
361Italy
93%
528Spain
93%
303Australia
91%
1655India
90%
262Russia
90%
266Argentina
86%
225Chile
83%
206Belgium
69%
325Colombia
69%
286Peru
66%
656Indonesia
62%
303Egypt
57%
318Nigeria
41%

Score Distribution

Percentile by Number Answered

Percent of People with Each Score

Your Score History

You have not taken this quiz